Paul Ricoeur: la poética del sí-mismo

Guardat en:
Dades bibliogràfiques
Autor principal: Begué, Marie-France (Autor)
Format: Llibre
Idioma:espanyol
Publicat: Buenos Aires Biblos 2002
Matèries:
Etiquetes: Afegir etiqueta
Sense etiquetes, Sigues el primer a etiquetar aquest registre!

MARC

LEADER 00000nam a2200000 a 4500
001 UCK7183
003 CL-VaPUC
008 051111e20020000AG |||||||||||||||||spa|d
020 |a 9507863443 
082 0 4 |a 194  |b BEG  |2 21 
100 0 |a Begué, Marie-France  |e author  |9 496630 
245 1 0 |a Paul Ricoeur: la poética del sí-mismo 
300 |a 378 p 
942 |c BK 
945 |d 20051111 00:00:00  |a cmena 
260 |a Buenos Aires  |b Biblos  |c 2002 
600 0 7 |a RICOEUR, PAUL  |2 CL-VaPUC  |9 446 
650 0 |a Filosofía moderna  |9 258121 
650 0 |a Filósofos franceses  |9 314621 
650 0 |a Antropología   |9 233030 
650 0 |a Ontología   |9 256850 
650 0 |a Fenomenología  |9 256519 
583 |a last modification  |c 20051111 00:00:00  |k Rodrigo Vera 
999 |c 315224  |d 315222 
952 |0 0  |1 0  |4 0  |6 194_000000000000000_BEG_2002  |7 0  |8 A  |9 388199  |a BIBEDU  |b BIBEDU  |d 2019-11-22  |i 4178599  |l 1  |o 194 BEG 2002  |p 4178599  |r 2022-05-11  |s 2022-05-09  |w 2019-11-22  |y BK  |k FIL